| Tag |
First Indicator |
Second Indicator |
Subfields |
| LEADER |
00000cam a2200000Ia 4500 |
| 001 |
in00002434449 |
| 005 |
20151109194751.0 |
| 008 |
080808s2008 sz a 000 0 eng d |
| 020 |
|
|
|a 9783905829594 (pbk.)
|
| 020 |
|
|
|a 3905829592 (pbk.)
|
| 029 |
0 |
|
|a OHX
|b har085015609
|
| 029 |
1 |
|
|a NLGGC
|b 315174439
|
| 035 |
|
|
|a (OCoLC)ocn243546163
|
| 035 |
|
|
|a (OCoLC)243546163
|
| 040 |
|
|
|a OHX
|c OHX
|d BTCTA
|d YDXCP
|d ZCU
|d TXA
|d UtOrBLW
|
| 049 |
|
|
|a TXAM
|
| 072 |
|
7 |
|a TR
|2 lcco
|
| 090 |
|
|
|a TR655
|b .K64 2008
|
| 100 |
1 |
|
|a Konrad, Aglaia,
|d 1960-
|
| 245 |
1 |
0 |
|a Desert cities /
|c Aglaia Konrad.
|
| 246 |
1 |
3 |
|a Aglaia Konrad desert cities
|
| 264 |
|
1 |
|a Zurich :
|b JRP / Ringier,
|c [2008]
|
| 264 |
|
4 |
|c ©2008
|
| 300 |
|
|
|a 236 pages :
|b illustrations (chiefly color) ;
|c 31 cm.
|
| 336 |
|
|
|a text
|b txt
|2 rdacontent
|
| 337 |
|
|
|a unmediated
|b n
|2 rdamedia
|
| 338 |
|
|
|a volume
|b nc
|2 rdacarrier
|
| 490 |
1 |
|
|a Christoph Keller editions
|
| 500 |
|
|
|a Title from book jacket.
|
| 600 |
1 |
0 |
|a Konrad, Aglaia,
|d 1960-
|
| 650 |
|
0 |
|a Photography, Artistic.
|
| 650 |
|
0 |
|a Architectural photography.
|
| 650 |
|
0 |
|a Architecture, Domestic
|x Arid regions
|v Pictorial works.
|
| 650 |
|
0 |
|a Architecture, Domestic
|x Arid regions
|x History
|y 20th century
|v Pictorial works.
|
| 830 |
|
0 |
|a Christoph Keller editions.
|
| 938 |
|
|
|a Otto Harrassowitz
|b HARR
|n har085015609
|c 77.51 CAD
|
| 938 |
|
|
|a Baker and Taylor
|b BTCP
|n BK0007932915
|
| 938 |
|
|
|a YBP Library Services
|b YANK
|n 2873497
|
| 945 |
|
|
|a PromptCat
|b 560719
|
| 946 |
|
|
|a stk
|
| 947 |
|
|
|a A14836681807
|
| 994 |
|
|
|a C0
|b TXA
|
| 948 |
|
|
|a cataloged
|b h
|c 2008/12/8
|d c
|e nbehmer
|f 12:52:25 pm
|
| 999 |
|
|
|a MARS
|
| 999 |
f |
f |
|s 95112cbd-5ae9-3e2c-8343-a2c3a53d3c2a
|i 815009c8-273e-30e9-8e09-2464dfa93c74
|t 0
|
| 952 |
f |
f |
|p ric
|a Texas A&M University
|b Rellis Campus
|c Joint Library Facility
|d Remote Storage
|t 0
|e TR655 .K64 2008
|h Library of Congress classification
|i unmediated -- volume
|m A14836681807
|
| 998 |
f |
f |
|a TR655 .K64 2008
|t 0
|l Remote Storage
|